Statistics for Brisbane Airport Domestic Destinations

Click here to take the quiz!

General Stats

  • This quiz has been taken 170 times
    (137 since last reset)
  • The average score is 43 of 73

Answer Stats

AirlineDestination% Correct
QantasSydney
98%
Virgin AustraliaSydney
98%
Jetstar AirwaysSydney
98%
QantasLinkSydney
98%
QantasPerth
97%
Virgin AustraliaPerth
97%
Jetstar AirwaysAdelaide
96%
QantasLinkAdelaide
96%
QantasAdelaide
96%
Virgin AustraliaAdelaide
96%
Jetstar AirwaysMelbourne
94%
QantasLinkMelbourne
94%
QantasMelbourne
94%
Virgin AustraliaMelbourne
94%
QantasDarwin
91%
Jetstar AirwaysDarwin
91%
Virgin AustraliaDarwin
91%
Virgin AustraliaCairns
88%
QantasCairns
88%
QantasLinkCairns
88%
Jetstar AirwaysCairns
88%
Jetstar AirwaysHobart
88%
Virgin AustraliaHobart
88%
QantasLinkCanberra
85%
Virgin AustraliaCanberra
85%
QantasCanberra
85%
Alliance AirlinesAlice Springs
77%
QantasLinkAlice Springs
77%
QantasLinkTownsville
77%
QantasTownsville
77%
Virgin AustraliaTownsville
77%
Jetstar AirwaysTownsville
77%
Virgin AustraliaNewcastle
69%
Jetstar AirwaysNewcastle
69%
QantasLinkNewcastle
69%
QantasLinkMackay
63%
Jetstar AirwaysMackay
63%
Virgin AustraliaMackay
63%
Alliance (for VA)Rockhampton
59%
QantasLinkRockhampton
59%
Virgin AustraliaLaunceston
57%
Jetstar AirwaysLaunceston
57%
Regional ExpressToowoomba
51%
Alliance (for VA)Bundaberg
50%
QantasLinkBundaberg
50%
QantasLinkMount Isa
49%
Alliance (for VA)Mount Isa
49%
QantasLinkLongreach
42%
Alliance (for VA)Gladstone
40%
QantasLinkGladstone
40%
Virgin AustraliaGladstone
40%
QantasLinkEmerald
38%
Alliance (for VA)Emerald
38%
Alliance Airlines{Emerald} (via Sunshine Coast)
38%
QantasLinkHamilton Island
38%
Virgin AustraliaHamilton Island
38%
QantasLinkHervey Bay
34%
Virgin AustraliaProserpine
34%
Jetstar AirwaysProserpine
34%
QantasLinkRoma
28%
Alliance (for VA)Port Macquarie
18%
Alliance (for VA)Cloncurry
17%
Alliance AirlinesCloncurry
17%
QantasLinkMoranbah
16%
QantasLinkLord Howe Island
13%
QantasLinkCharleville
12%
QantasLinkBarcaldine
9%
QantasPort Hedland
7%
QantasLinkBlackall
6%
SkytransChinchilla
6%
Alliance AirlinesBallera
2%
SkytransTaroom
1%
Alliance AirlinesTrepell
1%

Score Distribution

Percentile by Number Answered

Percent of People with Each Score

Your Score History

You have not taken this quiz since the last reset